| 000 | 00351nam a2200145 a 4500 | ||
|---|---|---|---|
| 001 | 5246 | ||
| 003 | CDMR | ||
| 005 | 20151016130002.0 | ||
| 008 | 130130s1998||||||||||||||||||||||||||||d | ||
| 040 |
_aCDMR _bcat _cCPC LLEIDA |
||
| 110 |
_91020 _aUniversitat de Lleida |
||
| 245 | 0 | _aMulti-cultural Voices | |
| 260 |
_aUdL _c1998 _bDEDAL-LIT |
||
| 942 |
_cMON _2ddc |
||
| 999 |
_c5246 _d5246 |
||